000 00891nam a22002297a 4500
003 KOHA_MİRAKIL
005 20260515085504.0
008 260515b tu ||||| |||| 00| 0 tur d
020 _a9786057041975
040 _aTR-AnABB
_btur
_cTR-AnABB
041 _atur
082 _a720.9561
_bGUN 2021
100 1 _aGünenç, Ömer Faruk
245 1 0 _aOsmanlı mimarlık dilinin yeniden üretimi :
_b1830'lardan 1930'lara bir kavramlar tarihi denemesi /
_cÖmer Faruk Günenç
250 _a1. baskı
260 _aAnkara :
_bİdealKent Yayınları,
_c2021
300 _a369 sayfa ;
_c30 cm
490 0 _aİdealkent Yayınları ;
_v43
505 _aİçindekiler: Mesleki öznenin tarihi ve dönüşümleri - Muğlak sınırlardan disiplin tanımlarına - Mekan ve mülkiyet krizleri, yeni düzenin ayak sesleri
650 0 4 _aMimarlık tarihi ve kuramı
942 _2ddc
_cBK
999 _c10387
_d10387
900 _bCan ÇELIK